[Event "Batumi Municipality Cup"]
[Site "Batumi"]
[Date "2015.07.09"]
[Round "8"]
[White "Makharadze, Jambul"]
[Black "Chigladze, Iveri"]
[Result "0-1"]
[WhiteElo "2320"]
[BlackElo "2358"]
[PlyCount "80"]
[EventDate "2015.07.03"]
[EventType "swiss"]
[EventRounds "9"]
[EventCountry "GEO"]
[SourceTitle "EXT 2016"]
[Source "ChessBase"]
[SourceDate "2015.10.08"]
[SourceVersion "1"]
[SourceVersionDate "2015.10.08"]
[SourceQuality "1"]

1. d4 d5 2. Bg5 g6 3. e3 Bg7 4. c3 Nf6 5. Nd2 0-0 6. Bd3 c5 7. Ngf3 Qb6 8. Rb1 Nc6 9. 0-0 Re8 10. Re1 Nd7 11. b4 c4 12. Bc2 f5 13. h3 a5 14. b5 Nd8 15. Bf4 Nf7 16. a4 Qf6 17. Nf1 b6 18. Ng3 Bb7 19. Ne2 e6 20. Nd2 Kh8 21. f3 e5 22. dxe5 Nfxe5 23. Nf1 Nf7 24. Nd4 Re7 25. Qd2 Rae8 26. Re2 Nc5 27. Rbe1 Ne6 28. Bh2 Bh6 29. Qd1 Nc5 30. g4 fxg4 31. hxg4 Bg7 32. Bg3 Ne6 33. Rh2 Nxd4 34. cxd4 Qe6 35. Bf4 Kg8 36. Ree2 Qf6 37. Rh3 Ng5 38. Rg3 Rf7 39. Be5 Nxf3+ 40. Kg2 Nxe5 0-1

[Event "Batumi Municipality Cup"]
[Site "Batumi"]
[Date "2015.07.06"]
[Round "5"]
[White "Makharadze, Jambul"]
[Black "Kostenko, Petr"]
[Result "0-1"]
[WhiteElo "2320"]
[BlackElo "2457"]
[PlyCount "92"]
[EventDate "2015.07.03"]
[EventType "swiss"]
[EventRounds "9"]
[EventCountry "GEO"]
[SourceTitle "EXT 2016"]
[Source "ChessBase"]
[SourceDate "2015.10.08"]
[SourceVersion "1"]
[SourceVersionDate "2015.10.08"]
[SourceQuality "1"]

1. d4 e6 2. c4 b6 3. Nc3 Bb7 4. Nf3 Bb4 5. Bd2 Nf6 6. a3 Be7 7. e3 0-0 8. Bd3 c5 9. 0-0 d6 10. Re1 Nbd7 11. Rc1 Rc8 12. Qe2 Re8 13. Red1 g6 14. Ng5 Nh5 15. Nh3 Ndf6 16. b4 d5 17. dxc5 bxc5 18. b5 Bd6 19. e4 Qc7 20. g3 Be5 21. Ng5 h6 22. Nh3 Bxc3 23. Bxc3 dxe4 24. Bc2 e5 25. g4 Ng7 26. g5 hxg5 27. Nxg5 Ne6 28. Nxe4 Bxe4 29. Bxe4 Nd4 30. Qe3 Kg7 31. Re1 Rh8 32. Bg2 Rce8 33. h3 Nh5 34. Bxd4 cxd4 35. Qf3 Nf4 36. c5 Qa5 37. Bf1 d3 38. Rxe5 Nxh3+ 39. Qxh3 Rxh3 40. Rxe8 Rh5 41. Rd1 Rg5+ 42. Bg2 Qxb5 43. Re3 Qc6 44. Rg3 Rxg3 45. fxg3 Qxc5+ 46. Kf1 Qe3 0-1

[Event "Poti Aleksandria Cup 9th"]
[Site "Poti"]
[Date "2014.07.19"]
[Round "8"]
[White "Makharadze, Jambul"]
[Black "Dilanyan, Grigor"]
[Result "0-1"]
[WhiteElo "2334"]
[BlackElo "2250"]
[PlyCount "160"]
[EventDate "2014.07.13"]
[EventType "swiss"]
[EventRounds "9"]
[EventCountry "GEO"]
[SourceTitle "CBM 161 Extra"]
[Source "ChessBase"]
[SourceDate "2014.08.29"]
[SourceVersion "1"]
[SourceVersionDate "2014.08.29"]
[SourceQuality "1"]

1. Nf3 Nf6 2. g3 c5 3. c4 g6 4. Bg2 Bg7 5. 0-0 0-0 6. Nc3 Nc6 7. d4 cxd4 8. Nxd4 Ng4 9. Nxc6 dxc6 10. Qb3 Ne5 11. Bf4 Qd4 12. Bxe5 Qxe5 13. Rfd1 Rb8 14. Qa3 a6 15. c5 h5 16. Qb4 Bg4 17. h3 Be6 18. Rd3 b6 19. cxb6 c5 20. Qa5 c4 21. Qxe5 Bxe5 22. Rd2 Rxb6 23. Rc1 Rfb8 24. Rcc2 h4 25. g4 Kg7 26. e3 g5 27. Be4 f6 28. Kf1 a5 29. Ke2 Bf7 30. Nd1 Rb4 31. Bd5 Rc8 32. Bxf7 Kxf7 33. Rd5 Ra4 34. f4 gxf4 35. exf4 Bxf4 36. a3 c3 37. Rxc3 Rb8 38. Rcc5 Be5 39. Rxa5 Re4+ 40. Kf3 Rf4+ 41. Ke2 Rb3 42. Rd3 Rxd3 43. Kxd3 Rf3+ 44. Ke2 Rxh3 45. Rd5 Rg3 46. Nf2 Bxb2 47. a4 Ra3 48. a5 e5 49. Nd3 Bd4 50. g5 fxg5 51. Nxe5+ Ke6 52. Rxd4 Kxe5 53. Rb4 Rxa5 54. Kf3 Kf5 55. Rb2 Ra3+ 56. Kg2 Re3 57. Ra2 Kf4 58. Rf2+ Kg4 59. Ra2 h3+ 60. Kh2 Kh4 61. Ra4+ g4 62. Rb4 Re2+ 63. Kg1 Kg3 64. Rb3+ Kf4 65. Ra3 Re3 66. Ra1 Kg3 67. Kh1 Kf2 68. Kh2 Re1 69. Ra2+ Kf3 70. Rf2+ Ke3 71. Rf8 Re2+ 72. Kg1 Rg2+ 73. Kh1 Rf2 74. Ra8 g3 75. Ra3+ Kf4 76. Ra4+ Kf3 77. Ra3+ Kg4 78. Ra4+ Rf4 79. Ra1 h2 80. Kg2 Rf2+ 0-1

[Event "Poti Aleksandria Cup 9th"]
[Site "Poti"]
[Date "2014.07.14"]
[Round "3"]
[White "Golod, Vitali"]
[Black "Makharadze, Jambul"]
[Result "1-0"]
[WhiteElo "2565"]
[BlackElo "2334"]
[PlyCount "96"]
[EventDate "2014.07.13"]
[EventType "swiss"]
[EventRounds "9"]
[EventCountry "GEO"]
[SourceTitle "CBM 161 Extra"]
[Source "ChessBase"]
[SourceDate "2014.08.29"]
[SourceVersion "1"]
[SourceVersionDate "2014.08.29"]
[SourceQuality "1"]

1. d4 Nf6 2. c4 e6 3. Nc3 Bb4 4. Qc2 0-0 5. a3 Bxc3+ 6. Qxc3 b6 7. Bg5 Bb7 8. e3 d6 9. Ne2 Nbd7 10. Qc2 c5 11. Rd1 Qc7 12. Nc3 a6 13. Bh4 Rac8 14. f3 d5 15. cxd5 exd5 16. Be2 Rfe8 17. dxc5 bxc5 18. Bf2 c4 19. 0-0 Qe5 20. Rfe1 Nc5 21. Bf1 Bc6 22. Rd4 Nb3 23. Rdd1 Nd7 24. e4 Qf4 25. Nxd5 Bxd5 26. Rxd5 Nf6 27. Bg3 Qh6 28. Rd6 Qg5 29. Red1 h5 30. Qf2 Qb5 31. Bh4 Nh7 32. R6d5 Qa4 33. Qc2 c3 34. bxc3 Qxa3 35. Rxh5 a5 36. Bb5 Rc5 37. Bxe8 Rxh5 38. Bf2 a4 39. h4 Ra5 40. Rd7 Kf8 41. Bxf7 Nf6 42. Rb7 Nc5 43. Rc7 Ncd7 44. Qa2 Qc1+ 45. Kh2 Ra8 46. Bg6 Ke7 47. Qf7+ Kd8 48. Rxd7+ Nxd7 1-0

[Event "Poti Aleksandria Cup 9th"]
[Site "Poti"]
[Date "2014.07.14"]
[Round "2"]
[White "Makharadze, Jambul"]
[Black "Gholami, Anita"]
[Result "1/2-1/2"]
[WhiteElo "2334"]
[BlackElo "2265"]
[PlyCount "110"]
[EventDate "2014.07.13"]
[EventType "swiss"]
[EventRounds "9"]
[EventCountry "GEO"]
[SourceTitle "CBM 161 Extra"]
[Source "ChessBase"]
[SourceDate "2014.08.29"]
[SourceVersion "1"]
[SourceVersionDate "2014.08.29"]
[SourceQuality "1"]

1. Nf3 Nf6 2. g3 d5 3. b3 g6 4. Bb2 Bg7 5. Bg2 0-0 6. 0-0 c5 7. c4 d4 8. d3 Nc6 9. Nbd2 e5 10. a3 a5 11. Qc2 Qe7 12. Rfe1 Bf5 13. Nh4 Be6 14. e3 Qd7 15. exd4 exd4 16. Ne4 Nxe4 17. Rxe4 g5 18. Nf3 h6 19. Nd2 Bf5 20. Re2 Ne5 21. Ne4 Rac8 22. f3 Bg6 23. Rae1 Bh5 24. g4 Bg6 25. Bc1 f5 26. gxf5 Rxf5 27. Rf1 Rcf8 28. Ref2 Qc7 29. Qe2 Qf7 30. f4 Bh5 31. Qc2 gxf4 32. Nd6 Qg6 33. Nxf5 Rxf5 34. Rxf4 Rg5 35. Kh1 Qxd3 36. Bd5+ Kh8 37. Qxd3 Nxd3 38. Rf8+ Bxf8 39. Rxf8+ Kg7 40. Rg8+ Kf6 41. Bxg5+ hxg5 42. Kg2 Bd1 43. Bxb7 Bxb3 44. Rc8 Bxc4 45. Be4 Nf4+ 46. Kf2 Ne6 47. Bf3 Bb3 48. Bg4 Nf4 49. Rc6+ Ke7 50. Kg3 Nd3 51. Bf5 c4 52. Re6+ Kf7 53. Rd6 Nf4 54. Kg4 c3 55. Kxg5 c2 1/2-1/2

[Event "Poti Aleksandria Cup 5th"]
[Site "Poti"]
[Date "2010.07.12"]
[Round "2"]
[White "Arabidze, Meri"]
[Black "Makharadze, Jambul"]
[Result "1/2-1/2"]
[WhiteElo "2286"]
[BlackElo "2392"]
[PlyCount "138"]
[EventDate "2010.07.11"]
[EventType "swiss"]
[EventRounds "9"]
[EventCountry "GEO"]
[SourceTitle "CBM 137 Extra"]
[Source "ChessBase"]
[SourceDate "2010.09.01"]
[SourceVersion "1"]
[SourceVersionDate "2010.09.01"]
[SourceQuality "1"]

1. d4 Nf6 2. c4 e6 3. g3 d5 4. Bg2 Be7 5. Nf3 0-0 6. 0-0 b6 7. Ne5 Bb7 8. Qa4 Qc8 9. cxd5 Bxd5 10. Bxd5 exd5 11. Bf4 c5 12. Nc3 c4 13. Rac1 Qb7 14. b3 cxb3 15. Qxb3 Nbd7 16. Rc2 Rfd8 17. Nb5 Rac8 18. Rfc1 Rxc2 19. Rxc2 Rc8 20. Rxc8+ Qxc8 21. Nxa7 Qb7 22. Nac6 Nxe5 23. Nxe7+ Qxe7 24. dxe5 Nd7 25. Qxd5 h6 26. Qd6 Qe6 27. Qxe6 fxe6 28. Be3 b5 29. f4 Nb8 30. Bc5 Nc6 31. Kf2 Kf7 32. g4 g6 33. Kf3 Kg7 34. Ke4 Kf7 35. h4 h5 36. gxh5 gxh5 37. f5 Nd8 38. Bb6 Nc6 39. Bc5 Nd8 40. Bd6 Nc6 41. a3 Nd8 42. Kf4 exf5 43. Kxf5 Ne6 44. Ke4 Ng7 45. Kf4 Kg6 46. e6 Nf5 47. Bc7 Nxh4 48. e4 Kg7 49. Kg5 Nf3+ 50. Kf4 Nd2 51. Be5+ Kg6 52. e7 Kf7 53. Bd6 Nc4 54. Bb4 Nb6 55. Kf5 Nd7 56. Kg5 Nf6 57. e5 Ng4 58. e6+ Ke8 59. Kxh5 Ne5 60. Kg5 Nc6 61. Kf5 Nd4+ 62. Ke5 Nxe6 63. Kd5 Kd7 64. Bd6 Ng7 65. Be5 Nf5 66. Kc5 Nxe7 67. Kxb5 Nd5 68. a4 Nc3+ 69. Bxc3 Kc7 1/2-1/2

[Event "Batumi BCSA op"]
[Site "Batumi"]
[Date "2003.07.25"]
[Round "9"]
[White "Gelashvili, Tamaz"]
[Black "Makharadze, Jambul"]
[Result "1/2-1/2"]
[WhiteElo "2520"]
[BlackElo "2341"]
[PlyCount "96"]
[EventDate "2003.07.16"]
[EventType "swiss"]
[EventRounds "9"]
[EventCountry "GEO"]
[SourceTitle "CBM 095 Extra"]
[Source "ChessBase"]
[SourceDate "2003.09.04"]
[SourceVersion "1"]
[SourceVersionDate "2003.09.04"]
[SourceQuality "1"]

1. e4 c5 2. b3 d6 3. Bb2 Nf6 4. Bb5+ Nbd7 5. d3 g6 6. Bxd7+ Bxd7 7. f4 Bg7 8. Nf3 0-0 9. 0-0 b5 10. c4 bxc4 11. bxc4 Rb8 12. Bc3 Qb6 13. Qe1 Bg4 14. Nfd2 Bd7 15. Nb3 Ba4 16. N1d2 Nd7 17. Bxg7 Kxg7 18. Qh4 Qd8 19. f5 Ne5 20. Nf3 Nxf3+ 21. Rxf3 Bxb3 22. axb3 Rxb3 23. Rxa7 Rb1+ 24. Kf2 Rb2+ 25. Ke3 Rxg2 26. fxg6 hxg6 27. Qxe7 Qxe7 28. Rxe7 Rxh2 29. Rd7 Rh5 30. Rxd6 f5 31. e5 f4+ 32. Ke4 Rh1 33. Kd5 g5 34. e6 Re1 35. Rh3 f3 36. Rd7+ Kg6 37. Rf7 Rd8+ 38. Rd7 Rf8 39. Rf7 Rd8+ 40. Kxc5 Rxd3 41. Rhxf3 Re5+ 42. Kb4 Rxf3 43. Rxf3 g4 44. Rf8 Rxe6 45. c5 Kg5 46. Kb5 Re1 47. c6 Rc1 48. Kb6 Rb1+ 1/2-1/2

[Event "Batumi BCSA op"]
[Site "Batumi"]
[Date "2003.07.24"]
[Round "8"]
[White "Makharadze, Jambul"]
[Black "Shalamberidze, Akaki"]
[Result "1/2-1/2"]
[WhiteElo "2341"]
[BlackElo "2443"]
[PlyCount "76"]
[EventDate "2003.07.16"]
[EventType "swiss"]
[EventRounds "9"]
[EventCountry "GEO"]
[SourceTitle "CBM 095 Extra"]
[Source "ChessBase"]
[SourceDate "2003.09.04"]
[SourceVersion "1"]
[SourceVersionDate "2003.09.04"]
[SourceQuality "1"]

1. d4 g6 2. Nf3 Bg7 3. c4 d6 4. g3 c5 5. d5 b5 6. cxb5 a6 7. bxa6 Nf6 8. Bg2 0-0 9. 0-0 Nxa6 10. Nc3 Bb7 11. Nd2 Nc7 12. Nc4 Ra6 13. Re1 Qa8 14. e4 Nd7 15. Bg5 Re8 16. Qd2 Nb6 17. Bf1 Nxc4 18. Bxc4 Rb6 19. Rac1 Ba6 20. Bxa6 Nxa6 21. h4 Nb4 22. a3 Na6 23. h5 Qb7 24. Rc2 Nc7 25. hxg6 hxg6 26. Bf4 e6 27. b4 cxb4 28. axb4 Rxb4 29. Bxd6 Rd4 30. Qc1 Na6 31. e5 exd5 32. Rd2 Rc4 33. Qb1 Nc5 34. Nxd5 Qxb1 35. Rxb1 Ne4 36. Rd3 Bxe5 37. Bxe5 Rxe5 38. Re1 Rc5 1/2-1/2

[Event "Batumi BCSA op"]
[Site "Batumi"]
[Date "2003.07.22"]
[Round "6"]
[White "Pantsulaia, Levan"]
[Black "Makharadze, Jambul"]
[Result "1/2-1/2"]
[WhiteElo "2461"]
[BlackElo "2341"]
[PlyCount "112"]
[EventDate "2003.07.16"]
[EventType "swiss"]
[EventRounds "9"]
[EventCountry "GEO"]
[SourceTitle "CBM 095 Extra"]
[Source "ChessBase"]
[SourceDate "2003.09.04"]
[SourceVersion "1"]
[SourceVersionDate "2003.09.04"]
[SourceQuality "1"]

1. d4 Nf6 2. c4 e6 3. Nf3 Bb4+ 4. Bd2 c5 5. Bxb4 cxb4 6. g3 b6 7. Bg2 Bb7 8. 0-0 0-0 9. a3 bxa3 10. Nxa3 d6 11. b4 a6 12. Qb3 Nbd7 13. Rfd1 Qc7 14. Rac1 Rac8 15. Qb2 Qb8 16. Nb1 Rfe8 17. Nbd2 e5 18. e3 g6 19. Ra1 Qc7 20. Rdc1 Ra8 21. Rab1 Reb8 22. Ra1 a5 23. Ra3 axb4 24. Rxa8 Rxa8 25. Qxb4 Bc6 26. Qb2 Ra5 27. Rb1 h6 28. h3 Kh7 29. Qb4 Ra4 30. Qb3 Kg7 31. d5 Nc5 32. Qxb6 Qxb6 33. Rxb6 Ra1+ 34. Nf1 Ba4 35. Rxd6 Nfd7 36. Nh4 Kf8 37. Nxg6+ fxg6 38. Rxg6 h5 39. Rh6 Bd1 40. f3 Be2 41. Rxh5 Bxc4 42. f4 e4 43. g4 Rd1 44. Kf2 Nd3+ 45. Kg3 Ne1 46. Bxe4 Nf6 47. Rf5 Kg7 48. Rxf6 Kxf6 49. g5+ Kg7 50. Nh2 Bxd5 51. Bxd5 Rxd5 52. Ng4 Kg6 53. h4 Rd2 54. e4 Rd3+ 55. Kf2 Rf3+ 56. Kxe1 Rxf4 1/2-1/2

[Event "EU-ch 3rd"]
[Site "Batumi"]
[Date "2002.06.24"]
[Round "12"]
[White "Velicka, Petr"]
[Black "Makharadze, Jambul"]
[Result "0-1"]
[WhiteElo "2437"]
[BlackElo "2302"]
[PlyCount "132"]
[EventDate "2002.06.12"]
[EventType "swiss"]
[EventRounds "13"]
[EventCountry "GEO"]
[SourceTitle "CBM 090"]
[Source "ChessBase"]
[SourceDate "2002.09.20"]
[SourceVersion "1"]
[SourceVersionDate "2002.09.20"]
[SourceQuality "1"]

1. e4 c5 2. Nf3 d6 3. d4 cxd4 4. Nxd4 Nf6 5. f3 e5 6. Nb3 Be6 7. c4 Nbd7 8. Be3 Be7 9. Be2 0-0 10. 0-0 Rc8 11. Na3 a6 12. Qd2 g6 13. Bh6 Qb6+ 14. Kh1 Rfd8 15. Rab1 Kh8 16. Be3 Qc7 17. Bd3 Nc5 18. Be2 Nxb3 19. axb3 Nd7 20. b4 f5 21. Bd3 f4 22. Bg1 g5 23. g4 h5 24. h3 hxg4 25. hxg4 Kg7 26. Kg2 Nf6 27. Bf2 Qd7 28. Rh1 Bxg4 29. Rbg1 Be6 30. Kf1 g4 31. Bh4 Rh8 32. Bxf6+ Bxf6 33. fxg4 Rxh1 34. Rxh1 Rh8 35. Rxh8 Kxh8 36. Qh2+ Kg7 37. Be2 Bg5 38. Qh5 Qd8 39. Nb1 Bf7 40. Qh3 Bh4 41. Nc3 Bg3 42. g5 Qxg5 43. Nd5 Qh4 44. Bg4 Qxh3+ 45. Bxh3 Bg6 46. Nc3 b6 47. Bg4 Kh6 48. Bf3 Bh4 49. b5 axb5 50. Nxb5 Be7 51. Nc3 Kg5 52. Nd5 Bd8 53. b4 Be8 54. b5 Bd7 55. Kg2 Kh4 56. Nc3 Bh3+ 57. Kf2 Be6 58. Nd5 Kh3 59. Bg2+ Kh2 60. Bf3 Bh3 61. Nb4 Bh4+ 62. Ke2 Kg1 63. Nd3 Bf1+ 64. Kd2 Bf2 65. Nb2 Be3+ 66. Ke1 Bd4 0-1

[Event "EU-ch 3rd"]
[Site "Batumi"]
[Date "2002.06.22"]
[Round "10"]
[White "Yegiazarian, Arsen"]
[Black "Makharadze, Jambul"]
[Result "1/2-1/2"]
[WhiteElo "2567"]
[BlackElo "2302"]
[PlyCount "108"]
[EventDate "2002.06.12"]
[EventType "swiss"]
[EventRounds "13"]
[EventCountry "GEO"]
[SourceTitle "CBM 090"]
[Source "ChessBase"]
[SourceDate "2002.09.20"]
[SourceVersion "1"]
[SourceVersionDate "2002.09.20"]
[SourceQuality "1"]

1. e4 c5 2. Nf3 d6 3. d4 cxd4 4. Nxd4 Nf6 5. Nc3 a6 6. Rg1 e5 7. Nb3 Be6 8. g4 h6 9. h4 d5 10. exd5 Nxd5 11. Nxd5 Qxd5 12. Qe2 Nc6 13. Bg2 Qb5 14. Be4 Be7 15. h5 Qa4 16. Bd2 0-0-0 17. Bxc6 Qxc6 18. 0-0-0 Rd5 19. Rg3 Qa4 20. Kb1 Rhd8 21. c4 R5d7 22. Rc1 f6 23. f4 exf4 24. Bxf4 Bg8 25. Re3 Bd6 26. Bxd6 Rxd6 27. Re7 R6d7 28. Re8 Qc6 29. a3 Qb6 30. Ka2 Rxe8 31. Qxe8+ Rd8 32. Qe4 Qe6 33. Qf4 Qe5 34. Qf2 Kb8 35. Rc3 Re8 36. Nd2 Ka8 37. Rd3 Qc7 38. Rd4 Qb6 39. b3 Re2 40. Qf4 Ka7 41. Kb2 Be6 42. b4 Qc6 43. Rd8 Bc8 44. Kc3 Re5 45. Nf3 Re4 46. Nd4 Rxf4 47. Nxc6+ bxc6 48. Rxc8 Kb7 49. Rf8 Rxg4 50. Rf7+ Kb6 51. c5+ Kb5 52. Rb7+ Ka4 53. Ra7 Rg3+ 54. Kc4 Rg4+ 1/2-1/2

[Event "EU-ch 3rd"]
[Site "Batumi"]
[Date "2002.06.20"]
[Round "8"]
[White "Priehoda, Vitezslav"]
[Black "Makharadze, Jambul"]
[Result "1/2-1/2"]
[WhiteElo "2425"]
[BlackElo "2302"]
[PlyCount "131"]
[EventDate "2002.06.12"]
[EventType "swiss"]
[EventRounds "13"]
[EventCountry "GEO"]
[SourceTitle "CBM 090"]
[Source "ChessBase"]
[SourceDate "2002.09.20"]
[SourceVersion "1"]
[SourceVersionDate "2002.09.20"]
[SourceQuality "1"]

1. d4 Nf6 2. c4 e6 3. Nc3 Bb4 4. e3 b6 5. Nge2 Bb7 6. a3 Be7 7. Ng3 d5 8. cxd5 Nxd5 9. Qa4+ Qd7 10. Bb5 Bc6 11. Bxc6 Qxc6 12. Qxc6+ Nxc6 13. Nxd5 exd5 14. Bd2 0-0-0 15. 0-0 g6 16. Rfc1 Kb7 17. Rc2 Rd7 18. Ne2 Rc8 19. Nf4 Nd8 20. b4 a6 21. a4 c6 22. f3 Ne6 23. Nd3 f6 24. Rac1 h5 25. Be1 Rdd8 26. Bg3 Bf8 27. Bf2 Re8 28. h4 Bd6 29. Re1 f5 30. g3 Rc7 31. Rec1 Nd8 32. b5 cxb5 33. axb5 Rxc2 34. bxa6+ Kxa6 35. Rxc2 Kb7 36. Kg2 Nc6 37. Kh3 Ra8 38. Be1 Ra3 39. Bc3 b5 40. Ne5 b4 41. Bb2 Nxe5 42. dxe5 Be7 43. Bxa3 bxa3 44. Kg2 Kb6 45. Kf2 Kb5 46. Rc8 Kb4 47. Rb8+ Kc3 48. Rc8+ Kb3 49. Rb8+ Bb4 50. e6 a2 51. e7 a1Q 52. Rxb4+ Kxb4 53. e8Q Qb2+ 54. Kf1 Qc1+ 55. Ke2 Qc2+ 56. Ke1 Qc3+ 57. Ke2 Qb2+ 58. Ke1 Kc4 59. Qxg6 Qc3+ 60. Ke2 Qd3+ 61. Kf2 Qd2+ 62. Kf1 Qd1+ 63. Kf2 Qc2+ 64. Kf1 Qd3+ 65. Kf2 Qd2+ 66. Kf1 1/2-1/2

[Event "EU-ch 3rd"]
[Site "Batumi"]
[Date "2002.06.18"]
[Round "7"]
[White "Makharadze, Jambul"]
[Black "Matnadze, Ana"]
[Result "1/2-1/2"]
[WhiteElo "2302"]
[BlackElo "2365"]
[PlyCount "80"]
[EventDate "2002.06.12"]
[EventType "swiss"]
[EventRounds "13"]
[EventCountry "GEO"]
[SourceTitle "CBM 090"]
[Source "ChessBase"]
[SourceDate "2002.09.20"]
[SourceVersion "1"]
[SourceVersionDate "2002.09.20"]
[SourceQuality "1"]

1. d4 Nf6 2. c4 e6 3. Nf3 b6 4. Nc3 Bb7 5. Bg5 Bb4 6. e3 h6 7. Bh4 g5 8. Bg3 Ne4 9. Qc2 f5 10. Nd2 Bxc3 11. bxc3 d6 12. Nb3 Nd7 13. f3 Nxg3 14. hxg3 c5 15. g4 Qf6 16. gxf5 exf5 17. Bd3 Rf8 18. 0-0-0 0-0-0 19. Kb1 Qe6 20. Rde1 Rde8 21. Nd2 Kb8 22. e4 fxe4 23. Nxe4 cxd4 24. cxd4 d5 25. cxd5 Qxd5 26. Qc4 Qxc4 27. Bxc4 g4 28. Rxh6 gxf3 29. gxf3 Rxf3 30. Re6 Rxe6 31. Bxe6 Nf6 32. Nxf6 Rxf6 33. Kc2 Kc7 34. Bc4 Kd6 35. Bb3 Bd5 36. Re5 Rf2+ 37. Kc3 Rf3+ 38. Kc2 Rf2+ 39. Kc3 Rf3+ 40. Kc2 Rf2+ 1/2-1/2

[Event "EU-ch 3rd"]
[Site "Batumi"]
[Date "2002.06.14"]
[Round "3"]
[White "Makharadze, Jambul"]
[Black "Kempinski, Robert"]
[Result "0-1"]
[WhiteElo "2302"]
[BlackElo "2570"]
[PlyCount "110"]
[EventDate "2002.06.12"]
[EventType "swiss"]
[EventRounds "13"]
[EventCountry "GEO"]
[SourceTitle "CBM 090"]
[Source "ChessBase"]
[SourceDate "2002.09.20"]
[SourceVersion "1"]
[SourceVersionDate "2002.09.20"]
[SourceQuality "1"]

1. d4 Nf6 2. c4 g6 3. Nc3 Bg7 4. e4 0-0 5. f3 c6 6. Be3 d5 7. e5 Ne8 8. f4 Nc7 9. Nf3 dxc4 10. Bxc4 Nd7 11. 0-0 Nb6 12. Bd3 Nbd5 13. Qd2 Bh6 14. Rad1 Be6 15. g3 Bg4 16. Be2 Nxe3 17. Qxe3 Nd5 18. Qd2 Qa5 19. a3 Rad8 20. Nxd5 Qxd5 21. Nh4 Bxe2 22. Qxe2 e6 23. Nf3 Rd7 24. Rc1 Rfd8 25. Rc5 Qb3 26. Rc3 Qb6 27. Kg2 Rd5 28. Rfc1 Bf8 29. Qf2 Rb5 30. R1c2 Be7 31. h4 h5 32. Kh3 Kg7 33. Kg2 Rdd5 34. Qe2 Rb3 35. Rxb3 Qxb3 36. Qc4 Qb6 37. a4 Qd8 38. b3 Qd7 39. Qe2 Bd8 40. Qe4 Bb6 41. Rc4 a6 42. Kh3 Ba7 43. Kg2 Qe7 44. Qb1 Qa3 45. Kh3 Rd8 46. Kg2 Kf8 47. Kf1 Rd7 48. Kg2 Ke7 49. Kf1 Kd8 50. Ke2 Kc7 51. Ke3 Rd5 52. Rc3 Kd7 53. Rd3 c5 54. Ke2 Qb4 55. dxc5 Qe4+ 0-1

[Event "EU-ch 3rd"]
[Site "Batumi"]
[Date "2002.06.13"]
[Round "2"]
[White "Mamedyarov, Shakhriyar"]
[Black "Makharadze, Jambul"]
[Result "1-0"]
[WhiteElo "2542"]
[BlackElo "2302"]
[PlyCount "91"]
[EventDate "2002.06.12"]
[EventType "swiss"]
[EventRounds "13"]
[EventCountry "GEO"]
[SourceTitle "CBM 090"]
[Source "ChessBase"]
[SourceDate "2002.09.20"]
[SourceVersion "1"]
[SourceVersionDate "2002.09.20"]
[SourceQuality "1"]

1. d4 Nf6 2. Nc3 d5 3. Bg5 e6 4. e4 dxe4 5. Nxe4 Nbd7 6. Nf3 Be7 7. Nxf6+ Nxf6 8. Bd3 c5 9. dxc5 Qa5+ 10. c3 Qxc5 11. Qe2 Bd7 12. Ne5 Bc6 13. 0-0-0 0-0 14. Rhe1 Rad8 15. f4 Nd5 16. Bxe7 Qxe7 17. g3 Qc5 18. h4 Rc8 19. Kb1 b5 20. h5 h6 21. Bc2 a5 22. Qd3 f5 23. Qd4 Qxd4 24. Rxd4 Nf6 25. Nxc6 Rxc6 26. Bd1 Kf7 27. Re5 Rb8 28. Bf3 Rcb6 29. Rc5 Re8 30. Kc2 Re7 31. a4 bxa4 32. Rxa4 g5 33. hxg6+ Kxg6 34. Raxa5 Nh5 35. g4 Nxf4 36. gxf5+ exf5 37. Rxf5 Rf6 38. Rxf6+ Kxf6 39. b4 Re3 40. Bg4 Kg6 41. Rf5 Re4 42. Rc5 Re7 43. b5 h5 44. Bc8 h4 45. b6 Re2+ 46. Kb3 1-0

[Event "EU-ch 3rd"]
[Site "Batumi"]
[Date "2002.06.12"]
[Round "1"]
[White "Makharadze, Jambul"]
[Black "Gelashvili, Tamaz"]
[Result "1/2-1/2"]
[WhiteElo "2302"]
[BlackElo "2547"]
[PlyCount "265"]
[EventDate "2002.06.12"]
[EventType "swiss"]
[EventRounds "13"]
[EventCountry "GEO"]
[SourceTitle "CBM 090"]
[Source "ChessBase"]
[SourceDate "2002.09.20"]
[SourceVersion "1"]
[SourceVersionDate "2002.09.20"]
[SourceQuality "1"]

1. d4 d5 2. c4 e6 3. Nc3 c6 4. e3 Nf6 5. Nf3 Nbd7 6. Qc2 Bd6 7. b3 0-0 8. Be2 Qe7 9. 0-0 dxc4 10. bxc4 e5 11. Bb2 Re8 12. Rfe1 e4 13. Nd2 Nf8 14. f3 exf3 15. Bxf3 Ne6 16. Nce4 Nxe4 17. Nxe4 Ng5 18. Nxd6 Qxd6 19. Kh1 f5 20. Rad1 Ne4 21. d5 c5 22. Bxe4 Rxe4 23. Qc3 Qh6 24. d6 Bd7 25. Qa5 Rh4 26. Be5 b6 27. Qa6 Qe6 28. Qb7 Re8 29. Bg3 Rxc4 30. Qxa7 b5 31. Rc1 Rxc1 32. Rxc1 Qxe3 33. Qxc5 Qxc5 34. Rxc5 f4 35. Bh4 Re6 36. Rd5 Re2 37. a3 h6 38. Kg1 Ra2 39. Be1 Rxa3 40. Bd2 Ra4 41. Kf2 g5 42. g3 fxg3+ 43. hxg3 b4 44. Rd3 Ra3 45. Rd4 b3 46. Rb4 Kf7 47. Bc3 Ra2+ 48. Ke3 Rg2 49. Be1 Rb2 50. Bc3 Rb1 51. Re4 Be6 52. Kd2 Rg1 53. Be5 Rg2+ 54. Ke3 Bf5 55. Rb4 Ke6 56. d7 Kxd7 57. Rxb3 Ke6 58. Bb8 h5 59. Rb6+ Kf7 60. Be5 Be6 61. Rb2 Rg1 62. Rb6 Re1+ 63. Kd4 h4 64. gxh4 gxh4 65. Ra6 h3 66. Rb6 Re2 67. Rb1 Bf5 68. Rf1 Ke6 69. Bb8 Re4+ 70. Kc5 Re2 71. Kd4 Re4+ 72. Kc5 Rh4 73. Rf2 Be4 74. Bg3 Rg4 75. Bh2 Bd3 76. Bf4 Kf5 77. Bb8+ Ke4 78. Rf8 Rh4 79. Rf2 Ke3 80. Rf8 h2 81. Bxh2 Rxh2 82. Re8+ Be4 83. Rb8 Rc2+ 84. Kd6 Rc6+ 85. Ke5 Rc5+ 86. Kd6 Rg5 87. Rb4 Kf4 88. Rb8 Rd5+ 89. Ke6 Rc5 90. Rf8+ Bf5+ 91. Kd6 Rc1 92. Re8 Rd1+ 93. Kc5 Be4 94. Rh8 Rd2 95. Re8 Rd5+ 96. Kc4 Ke3 97. Rh8 Rd6 98. Rh3+ Bf3 99. Rh8 Rc6+ 100. Kb5 Rc1 101. Rh3 Kf4 102. Kb4 Bd5 103. Rc3 Rb1+ 104. Kc5 Ke5 105. Rd3 Rc1+ 106. Kb4 Kd6 107. Rd2 Rc4+ 108. Kb5 Rc3 109. Rd4 Rc8 110. Kb4 Rb8+ 111. Kc3 Ke5 112. Rb4 Rc8+ 113. Kd2 Be4 114. Rb6 Kf4 115. Rb2 Rc4 116. Ra2 Ke5 117. Ra7 Kd4 118. Ra2 Rb4 119. Ke2 Bd5 120. Rd2+ Ke4 121. Kf2 Rb3 122. Rc2 Rh3 123. Rc8 Kd4 124. Re8 Rf3+ 125. Ke2 Rg3 126. Rf8 Ra3 127. Kf2 Ra2+ 128. Kg3 Rg2+ 129. Kh3 Rg7 130. Kh4 Ke5 131. Rf1 Be4 132. Rf2 Bf5 133. Rf3 1/2-1/2

[Event "GEO-ch"]
[Site "Tbilisi"]
[Date "2001.04.01"]
[Round "2.2"]
[White "Makharadze, Jambul"]
[Black "Kekelidze, Mikheil"]
[Result "0-1"]
[WhiteElo "2305"]
[BlackElo "2512"]
[PlyCount "66"]
[EventDate "2001.??.??"]
[EventType "k.o."]
[EventRounds "5"]
[EventCountry "GEO"]
[SourceTitle "EXT 2004"]
[Source "ChessBase"]
[SourceDate "2003.11.25"]
[SourceVersion "1"]
[SourceVersionDate "2003.11.25"]
[SourceQuality "1"]

1. d4 Nf6 2. c4 c5 3. d5 d6 4. Nc3 g6 5. g3 Bg7 6. Bg2 0-0 7. Nf3 e6 8. 0-0 exd5 9. cxd5 a6 10. Bg5 h6 11. Bf4 Nh5 12. Bd2 b5 13. a3 Nd7 14. Qc2 Re8 15. Rfe1 Nb6 16. Rad1 Bd7 17. Bc1 b4 18. Nb1 b3 19. Qxb3 Ba4 20. Qd3 Bxd1 21. Rxd1 Qd7 22. Nc3 Nf6 23. h3 Qe7 24. Nd2 Nfd7 25. f4 Bxc3 26. bxc3 Qxe2 27. Ne4 Qxd3 28. Rxd3 Nc4 29. Kf2 f5 30. Nd2 Nxd2 31. Rxd2 Nf6 32. Rc2 Ne4+ 33. Kf3 Reb8 0-1